000 00327nam a22001337a 4500
008 190227b xxu||||| |||| 00| 0 eng d
020 _a9780801653247
041 _aeng
080 _25th
_a616.12
100 _a7
101 _aKARD
245 _aCommonsense Approach To Coronary Care A Program
_cVinsant,M.O
942 _2udc
_cBK
999 _c54324
_d54324